00788nam a2200217 450000100060000000300080000600500170001400800410003103500190007204000320009104100080012308200220013110000770015324500730023026000450030330000260034865000280037494200120040299900170041495201390043157666BD-RjUL20211209080535.0161211s1926 ii 000 0 eng d a(BD-RjUL)57790 aVT2cVT2dEQOdBD-RjULbeng aeng 223a295bTAR 19261 aTaraporewala, Irach J. S.q(Irach Jehangir Sorabji),d1884-1956.917124914aThe religion of Zarathushtra /cIrach Jehangir Sorabji Taraporewala. aAdyar :bTheosophical Pub. House,c1926. a[5], 180 p. ;c17 cm. 0aZoroastrianism.9171250 2ddccBK c57666d57666 00102ddc40718NFICaRUCLbRUCLcReadingd1963-01-23eG. M. Hilalig0.00l0o295 TAR 1926r2017-06-14 00:00:00tC-1w2017-06-14yBK